000 00724naa a2200229 i 4500
001 34709
003 ES-MaBCM
005 20241016103745.0
008 950523s1994 ita 000 0 ita d
021 _axx
035 _a(OCoLC)1365142723
040 _cES-MaBCM
041 0 _aita
043 _aita
100 1 _aLovo, Marco
_927647
245 1 2 _aL'elezione diretta del sindaco
_b: osservazioni critiche e prospettive di riforma
_cMarco Lovo
650 2 7 _aAlcalde
_957501
650 2 7 _aElecciones locales
_958502
651 2 4 _aItalia
_9115380
773 0 _aEn:
_tNuova rassegna di legislazione, dottrina e giurisprudenza
_dFirenze : 1994
_w104476
_ganno LXVIII, n. 18, sett., p. 2098-2107. - Loc. S.39
942 _cAREV
999 _c34709
_d34709